00461 2200181 4500001002100000005001500021008004100036020002200077035001900099041000700118082001000125090001600135100002300151245003200174260003100206300002200237650002000259INLIS00000000001577120241224115010241224||||||||| | ||| |||| || |  a978-979-010-574-4 0010-1224015771 aid0 a613.9 a613.9 BOY p0 aBoyke Dian Nugraha00aProblema Seks dan Solusinya aJakartabBumi Aksarac2010 ax,192 hlm.; 21 cm 0aPendidikan Seks